000 00754nam a2200241Ia 4500
003 GCL
008 140319s9999 xx 000 0 ara d
040 _aGCL /
_cGCL
082 0 4 _aد
_b050
100 1 _aامام عبدالفتاح امام
245 1 0 _aالموت فى الفكر الغربى ( عالم المعرفة 76 ) /
_cامام عبدالفتاح امام
700 1 _aشورون، جاك
700 1 _aكامل يوسف حسن
300 _a384 ص
490 _aعالم المعرفة
_v0
650 0 4 _aالفلسفة
650 0 4 _aالموت
650 0 4 _aفلسفة ارسطو
650 0 4 _aالفلسفة الحديثة
650 0 4 _aالفلسفة الغربية
650 0 4 _aالقضاء والقدر
942 _2ddc
_cBK
999 _c50221
_d50221